Academic’s dictionary of science
Guardat en:
| Autor principal: | |
|---|---|
| Format: | Llibre |
| Idioma: | anglès |
| Publicat: |
: Academic (India) Publishers
, 2015
|
| Etiquetes: |
Afegir etiqueta
Sense etiquetes, Sigues el primer a etiquetar aquest registre!
|
MARC
| LEADER | 00000nam a22000007a 4500 | ||
|---|---|---|---|
| 008 | 201210b ||||| |||| 00| 0 eng d | ||
| 020 | |a ISBN: 81-85185-11-5 | ||
| 100 | |a BHUTANI, D. K. | ||
| 245 | |a Academic’s dictionary of science |c D. K. Bhutani | ||
| 250 | |c .32nd | ||
| 260 | |b : Academic (India) Publishers |c , 2015 |d BOOK |h New Delhi |i 691658 Sci., 691659 |l Q123 .B46 |m Science – Dictionaries | ||
| 942 | |a lcc |c BK |e Olagoke,M A |f 10/12/2020 | ||
| 952 | |0 0 |1 0 |2 lcc |4 0 |7 0 |9 267 |a HOL |b HOL |d 2020-12-10 |l 0 |o .J38Sh3.D21 |p 2020-0207 |r 2020-12-10 00:00:00 |w 2020-12-10 |y BK | ||
| 952 | |0 0 |1 0 |2 lcc |4 0 |6 Q0123 B46 |7 0 |9 1103 |a HOL |b SL |c QZ |d 2020-12-22 |l 0 |o Q123 .B46 |p 2020-230316 |r 2020-12-22 00:00:00 |w 2020-12-22 |y BK | ||
| 999 | |c 110 |d 110 | ||